Những điều cần biết khi đối xử với đồng nghiệp

Salvato in:
Dettagli Bibliografici
Autore principale: Li, Hao
Natura: Libro
Lingua:Undetermined
Pubblicazione: Hà Nội Nhà xuất bản Hà Nội 2004
Soggetti:
Tags: Aggiungi Tag
Nessun Tag, puoi essere il primo ad aggiungerne! !
Thư viện lưu trữ: Trung tâm Học liệu Trường Đại học Cần Thơ
LEADER 00584nam a2200193Ia 4500
001 CTU_90987
008 210402s9999 xx 000 0 und d
020 |c 49000 
082 |a 158.1 
082 |b H108 
100 |a Li, Hao 
245 0 |a Những điều cần biết khi đối xử với đồng nghiệp 
245 0 |c Li Hao ; Phan Hà Sơn dịch 
260 |a Hà Nội 
260 |b Nhà xuất bản Hà Nội 
260 |c 2004 
650 |a Psychology, applied 
904 |i Mai Loan 
980 |a Trung tâm Học liệu Trường Đại học Cần Thơ